Central Library OPAC University of Rajshahi

Fundamentals of statistics / (Record no. 62221)

MARC details
000 -LEADER
fixed length control field 00777nam a2200265 a 4500
001 - CONTROL NUMBER
control field 62221
003 - CONTROL NUMBER IDENTIFIER
rucl marc code BD-RjUL
005 - DATE AND TIME OF LATEST TRANSACTION
control field 20211209081045.0
008 - FIXED-LENGTH DATA ELEMENTS--GENERAL INFORMATION
fixed length control field 170123r19791976ii a 001 0 eng d
035 ## - SYSTEM CONTROL NUMBER
System control number (BD-RjUL)62346
040 ## - CATALOGING SOURCE
Original cataloging agency DLC
Transcribing agency WaU
Modifying agency BD-RjUL
Language of cataloging eng
041 ## - LANGUAGE CODE
Language code of text/sound track or separate title eng
082 ## - DEWEY DECIMAL CLASSIFICATION NUMBER
Edition number 23
Classification number 519.5
Author mark and year GOF 1979
100 1# - MAIN ENTRY--PERSONAL NAME
Personal name Goon, A.M.
9 (RLIN) 185056
245 10 - TITLE STATEMENT
Title Fundamentals of statistics /
Statement of responsibility, etc. A.M. Goon, M.K. Gupta, B. Dasgupta
250 ## - EDITION STATEMENT
Edition statement 5th rev. ed.
260 ## - PUBLICATION, DISTRIBUTION, ETC. (IMPRINT)
Place of publication, distribution, etc. Calcutta :
Name of publisher, distributor, etc. The World Press Private ltd,
Date of publication, distribution, etc. 1976 [Reprinted 1979].
300 ## - PHYSICAL DESCRIPTION
Pagination V. :
Illustrations ill. ;
Size 23 cm.
500 ## - GENERAL NOTE
General note Include index.
505 ## - FORMATTED CONTENTS NOTE
Formatted contents note V. 1 -- V. 2 --
650 ## - SUBJECT ADDED ENTRY--TOPICAL TERM
Topical term or geographic name as entry element Mathematical statistics.
9 (RLIN) 185057
700 ## - ADDED ENTRY--PERSONAL NAME
Personal name Gupta, M.K.
Personal name Dasgupta, B.
942 ## - ADDED ENTRY ELEMENTS (KOHA)
Source of classification or shelving scheme Dewey Decimal Classification
Koha item type Books
Holdings
Lost status Source of classification or shelving scheme Damaged status Not for loan Collection code Permanent Location Current Location Shelving location Date acquired Source of acquisition Cost, normal purchase price Total Checkouts Full call number Date last seen Copy number Koha item type
  Dewey Decimal Classification   Not For Loan Non-fiction Central Library, University of Rajshahi Central Library, University of Rajshahi Reading Room 30/06/1981 Aligorh Library, Rajshahi 96.00   519.5 GOF V-2 1979 23/01/2017 C-1 Books
  Dewey Decimal Classification   Not For Loan Non-fiction Central Library, University of Rajshahi Central Library, University of Rajshahi Reading Room 30/06/1981 Aligorh Library, Rajshahi 96.00   519.5 GOF V-1 1979 05/04/2017 C-1 Books